U.S. States With More Than 2 Cities over 500k - Statistics

General Stats
  • This quiz has been taken 234 times
  • The average score is 10 of 13
Answers on the Map
Answers color-coded by a green-red scale on the quiz's map according to % correct below.
 
Answer Stats
Hint Answer % Correct
10 Florida
99%
6 Texas
99%
11 California
98%
6 New York
98%
7 Ohio
92%
6 Pennsylvania
91%
4 Tennessee
85%
3 Michigan
84%
6 North Carolina
83%
3 Massachusetts
68%
3 Connecticut
41%
3 Utah
39%
3 South Carolina
37%
No matching quizzes found
Score Distribution
Percent of People with Each Score
Percentile by Number Answered
Your Score History
You have not taken this quiz